00857cam a2200241 a 4500001001300000003000400013005001700017008004100034010001700075040001800092043002100110050001500131100004900146245011800195260007800313300002100391510003200412500003000444651004100474651004500515650003800560999001700598rc 01001237 DLC20260227111903.0840713s1859 gw 000 0ager  arc 01001237  aDLCcDLCdDLC an-usp--anr-----00aF593b.S331 aSchiel, J.q(Jacob Heinrich Wilhelm),d1813-10aReise durch die Felsengebirge und die Humboldtgebirge nach dem Stillen Ocean :beine Skizze /cvon Dr. J. Schiel. aSchaffhausen :bDruck und Verlag der Brodtmann'schen Buchhandlung,c1859. a139 p. ;c19 cm.4 aWagner-Camp (4th ed.),c344 aErrata on leaf after t.p. 0aWest (U.S.)xDescription and travel. 0aRocky MountainsxDescription and travel. 0aOverland journeys to the Pacific. c52044d52044